000 00770cai a22001815a 4500
001 E147497
008 090518u xxk g 000 0 eng d
035 _a(Sirsi) u147497
041 0 _aeng
110 2 _aScotland
_bScottish Government
_95344
245 0 0 _aeProcurement Scotland
_h[electronic resource]
520 _aWebsite which enables Scottish public sector organisations to buy goods or services online. Includes electronic tendering and auctions, as well as payment options. Also provides access to case studies, newsletters and a discussion forum.
590 _aKA
651 4 _aScotland
_y1999-
690 _aProcurement
_96260
856 4 0 _uhttps://www.eprocurementscotland.com/
_zView the website free of charge at www.eprocurementscotland.com...
942 _n0
999 _c120795
_d120795